| 000 | 00735nam a2200217 a 4500 | ||
|---|---|---|---|
| 005 | 20240924064331.0 | ||
| 008 | 991125s1987 fr 000 0 eng u | ||
| 020 | _a9280311263 | ||
| 035 | _aUPN01000018443 | ||
| 049 | _aUNE | ||
| 050 | 4 |
_aLB2806 _bL4.5 |
|
| 100 | 1 |
_aLewin, Keith M. _931258 |
|
| 245 | 1 | 0 |
_aEducation in austerity : _boptions for planners / _cKeith M. Lewin. |
| 260 |
_aParís : _bUNESCO, International Institute for Educational Planning, _c1987. |
||
| 300 | _a131 p. | ||
| 440 | 0 |
_aFundamentals of educational planning ; _v36 |
|
| 500 | _aTambién localizas un ejemplar en Colección General | ||
| 650 | 4 |
_aEducación _xPlanificación _91146 |
|
| 650 | 4 |
_aEducación _xAspectos económicos _911820 |
|
| 905 | _aLibro | ||
| 999 |
_c18443 _d18443 |
||